La novela corta española: Promoción de El Cuento Semanal 1901-1920

Saved in:
Bibliographic Details
Main Author: Sáinz de Robles, Federico Carlos (Author)
Format: Book
Language:Spanish
Published: Madrid Aguilar 1952
Subjects:
Tags: Add Tag
No Tags, Be the first to tag this record!

MARC

LEADER 00000nam a2200000 a 4500
001 UCH2433
003 CL-VaPUC
008 090611e19520000SP |||||||||||||||||spa|d
082 0 4 |a 863.09  |b SAI  |2 21 
100 0 |a Sáinz de Robles, Federico Carlos  |e author  |9 537247 
245 1 3 |a La novela corta española: Promoción de El Cuento Semanal 1901-1920 
300 |a 1678 p 
942 |c BK 
945 |d 20090611 00:00:00  |a dcastane 
260 |a Madrid  |b Aguilar  |c 1952 
650 7 |a LITERATURA ESPAÑOLA SIGLO 20  |2 CL-VaPUC  |9 343079 
650 0 |a Novelas españolas  |9 265052 
650 0 |a Historia y crítica   |9 257407 
583 |a last modification  |c 20160913 09:41:36  |k Rodrigo Vera 
999 |c 334173  |d 334171 
952 |0 0  |1 0  |4 0  |6 863_090000000000000_SAI_1952  |7 0  |8 X  |9 423007  |a FDOBUD  |b FDOBUD  |d 2019-11-22  |i 4555619  |o 863.09 SAI 1952  |p 4555619  |r 2019-11-22  |w 2019-11-22  |y BK_X  |k BUD